Manuel des fondateurs et des directeurs des premières écoles de l'enfance, connues sous le nom de salles d'asile / (Record no. 45260)
[ view plain ]
| 000 -LEADER | |
|---|---|
| campo de control de longitud fija | 00696nam a2200205 i 4500 |
| 001 - NÚMERO DE CONTROL | |
| campo de control | 45260 |
| 003 - IDENTIFICADOR DE NÚMERO DE CONTROL | |
| campo de control | ES-MaACL |
| 005 - FECHA Y HORA DE LA ÚLTIMA TRANSACCIÓN | |
| campo de control | 20250828004900.0 |
| 007 - CAMPO FIJO DE DESCRIPCIÓN FÍSICA--INFORMACIÓN GENERAL | |
| campo de control de longitud fija | t| |
| 008 - DATOS DE LONGITUD FIJA--INFORMACIÓN GENERAL | |
| campo de control de longitud fija | 030325s1834 fr ||||1| fre d |
| 100 1# - ENTRADA PRINCIPAL--NOMBRE DE PERSONA | |
| Nombre de persona | Cochin, Jean-Denis Marie. |
| 9 (RLIN) | 39398 |
| 245 10 - MENCIÓN DEL TÍTULO | |
| Título | Manuel des fondateurs et des directeurs des premières écoles de l'enfance, connues sous le nom de salles d'asile / |
| Mención de responsabilidad, etc. | par M. Cochin. |
| 250 ## - MENCION DE EDICION | |
| Mención de edición | 2eme ed. |
| 260 ## - PUBLICACIÓN, DISTRIBUCIÓN, ETC. | |
| Lugar de publicación, distribución, etc. | París : |
| Nombre del editor, distribuidor, etc. | [s.n.], |
| Fecha de publicación, distribución, etc. | 1834 ( |
| Fabricante | Imp. Md. Husard) |
| 300 ## - DESCRIPCIÓN FÍSICA | |
| Extensión | 285 p., : 9 plan. : |
| Otras características físicas | il., mus. ; |
| Dimensiones | 21 cm. |
| 650 07 - PUNTO DE ACCESO ADICIONAL DE MATERIA--TÉRMINO DE MATERIA | |
| Término de materia o nombre geográfico como elemento de entrada | Pedagogía |
| Fuente del encabezamiento o término | embne |
| 9 (RLIN) | 15904 |
| 650 #4 - PUNTO DE ACCESO ADICIONAL DE MATERIA--TÉRMINO DE MATERIA | |
| Término de materia o nombre geográfico como elemento de entrada | Enseñanza primaria- |
| Subdivisión geográfica | Francia. |
| 9 (RLIN) | 149749 |
| 852 ## - LOCALIZACIÓN | |
| Ubicación | ES-MaACL |
| Número de control de estantería | C-3456 |
| Estatus retirado | Estado de pérdida | Estado de daño | No para préstamo | Colección | Biblioteca de origen | Biblioteca actual | Ubicación en estantería | Fecha de adquisición | Fuente de adquisición | Total de préstamos | Signatura topográfica completa | Código de barras | Visto por última vez | Precio de reemplazo | Tipo de ítem Koha |
|---|---|---|---|---|---|---|---|---|---|---|---|---|---|---|---|
| Libros del s. XIX | Biblioteca del Ateneo de Madrid | Biblioteca del Ateneo de Madrid | Sala Palomar | 17/01/2008 | C-3456 | 1047626 | 23/02/2023 | 23/02/2023 | Libro impreso antiguo |
